Política fiscal / (Record no. 143986)
[ view plain ]
| 000 -LEADER | |
|---|---|
| campo de control de longitud fija | 00521nam a2200157 4500 |
| 001 - NÚMERO DE CONTROL | |
| campo de control | 143986 |
| 003 - IDENTIFICADOR DE NÚMERO DE CONTROL | |
| campo de control | ES-MaACL |
| 007 - CAMPO FIJO DE DESCRIPCIÓN FÍSICA--INFORMACIÓN GENERAL | |
| campo de control de longitud fija | t| |
| 008 - DATOS DE LONGITUD FIJA--INFORMACIÓN GENERAL | |
| campo de control de longitud fija | 070214s1974 sp r ||||1| spa d |
| 100 1# - ENTRADA PRINCIPAL--NOMBRE DE PERSONA | |
| Nombre de persona | Shaw, Graham Keith. |
| 9 (RLIN) | 106030 |
| 245 10 - MENCIÓN DEL TÍTULO | |
| Título | Política fiscal / |
| Mención de responsabilidad, etc. | G. K. Shaw ; traducción de María García-Lliberós Sánchez-Robles. |
| 260 ## - PUBLICACIÓN, DISTRIBUCIÓN, ETC. | |
| Lugar de publicación, distribución, etc. | Barcelona : |
| Nombre del editor, distribuidor, etc. | Vicens-Vives, |
| Fecha de publicación, distribución, etc. | 1974 ( |
| Fabricante | Instar) |
| 300 ## - DESCRIPCIÓN FÍSICA | |
| Extensión | 96 p. ; |
| Dimensiones | 21 cm. |
| 700 1# - ENTRADA AGREGADA--NOMBRE PERSONAL | |
| Nombre de persona | García-Lliberós Sánchez-Robles, María. |
| 9 (RLIN) | 54826 |
| 852 ## - LOCALIZACIÓN | |
| Ubicación | ES-MaACL |
| Número de control de estantería | L-6408 |
| Sublocalización o colección | R.107066 |
| Estatus retirado | Estado de pérdida | Estado de daño | No para préstamo | Biblioteca de origen | Biblioteca actual | Ubicación en estantería | Fecha de adquisición | Fuente de adquisición | Total de préstamos | Signatura topográfica completa | Código de barras | Visto por última vez | Precio de reemplazo | Tipo de ítem Koha |
|---|---|---|---|---|---|---|---|---|---|---|---|---|---|---|
| Biblioteca del Ateneo de Madrid | Biblioteca del Ateneo de Madrid | Depósito 2 | 17/01/2008 | L-6408 | 1149807 | 23/02/2023 | 23/02/2023 | Libro impreso |
